| 000 | 00986nam a2200253 a 4500 | ||
|---|---|---|---|
| 001 | BRCA_7318 | ||
| 005 | 20190320205806.0 | ||
| 008 | 100712m18521853mx-a######---#000-0#spa-# | ||
| 041 | _aspa | ||
| 044 | _amx | ||
| 050 | 4 |
_aPQ2167 _b.C68 1852 |
|
| 245 | 1 | 0 |
_aMatilde, ó memorias de la historia de las Cruzadas _cnovela escrita en francés por Madama Cottin ; traducida al español por D. Manuel A. Tabat. Aumentada con el sitio de Constantinopla. |
| 260 |
_aMéxico _bVicente Segura Argüelles _c1852-1853 |
||
| 300 |
_a2 v. _bil. _c15 cm. |
||
| 440 | 0 |
_aBiblioteca del Omnibus. Sección de Novelas _918095 |
|
| 500 | _aEstado físico: lomo deteriorado en ambos volúmenes y el v.1. muestra presencia de pececillo de plata | ||
| 500 | _aN3 | ||
| 650 | 1 | 4 |
_aCruzadas _vNovela _918096 |
| 650 | 1 | 4 |
_aLiteratura francesa _vNovela _915456 |
| 700 | 1 |
_aCottin, Marie (Risteau) _cllamada Sophie _918097 |
|
| 700 | 1 |
_aTabat, D. Manuel A. _eTraductor _918098 |
|
| 902 | _aGFM | ||
| 942 |
_2lcc _cB |
||
| 999 |
_c6994 _d6994 |
||